000 00268nam a22001217a 4500
008 170505b xxu||||| |||| 00| 0 eng d
041 _aeng
080 _a343
100 _a15
101 _aSHJ
245 _aTHE DEATH PENALTY IN AMERICA
_cBEDAU, H.A
942 _2udc
_cBK
999 _c12739
_d12739